Manažment znalostí a elektronizácia procesov verejnej správy

Rozvoj manažmentu znalostí (knowledge management) v organizáciách. Elektronizácia procesov verejnej správy. Vízia a strategické ciele e-Governmentu v Slovenskej republike do roku 2013. Strategický cieľ - elektronizácia procesov verejnej správy a jej realizácia. Zvýšenie spokojnosti občanov a firiem....

Ausführliche Beschreibung

Gespeichert in:
Bibliographische Detailangaben
1. Verfasser: Čarnický, Štefan
Format: Buchkapitel
Sprache:Slowakisch
Schlagworte:
Tags: Tag hinzufügen
Keine Tags, Fügen Sie das erste Tag hinzu!

MARC

LEADER 00000nla$a2200000$$$4500
001 0098284
005 20240506125738.5
041 0 |a slo 
044 |a SK 
245 1 0 |a Manažment znalostí a elektronizácia procesov verejnej správy  |c Štefan Čarnický 
520 |a Rozvoj manažmentu znalostí (knowledge management) v organizáciách. Elektronizácia procesov verejnej správy. Vízia a strategické ciele e-Governmentu v Slovenskej republike do roku 2013. Strategický cieľ - elektronizácia procesov verejnej správy a jej realizácia. Zvýšenie spokojnosti občanov a firiem. Zefektívnenie procesov vo verejne správe. Zvýšenie kompetentnosti verejnej správy. 
610 2 0 |a správa verejná elektronická 
610 2 0 |a informatizácia 
610 2 0 |a elektronizácia 
610 2 0 |a technológie informačné 
610 2 0 |a manažment 
610 2 0 |a riadenie znalostí 
610 2 0 |a efektívnosť 
610 2 0 |a bezpečnosť informačná 
610 2 0 |a Slovensko 
100 1 |a Čarnický, Štefan